| 000 | 00959nam a2200241 i 4500 | ||
|---|---|---|---|
| 001 | 133024 | ||
| 003 | ES-MaACL | ||
| 005 | 20250920063101.0 | ||
| 007 | t| | ||
| 008 | 161025s1930 sp a |||| | cat d | ||
| 080 | _a821.134.2(72)-82"18" | ||
| 100 | 1 |
_aNervo, Amado, _d1870-1919 _985404 |
|
| 245 | 1 | 0 |
_aMis filosofías / _cAmado Nervo ; [texto al cuidado de Alfonso Reyes ; ilustraciones de Marco]. |
| 260 |
_aMadrid : _bBiblioteca Nueva, _cimp. 1930. |
||
| 300 |
_a226 p. : _bil. ; _c19 cm. |
||
| 490 | 1 |
_aObras completas de Amado Nervo ; _v10 |
|
| 596 | _aEjemp. numerado n. 1213. | ||
| 700 | 1 |
_aReyes, Alfonso, _d1889-1959 _996554 |
|
| 700 | 1 |
_aMarco, Fernando. _976462 |
|
| 830 | 0 |
_aObras completas de Amado Nervo ; _v10 _9181423 |
|
| 852 |
_aES-MaACL _jA-5040 _z- Enc. tela roja Calleja _z. - Donat. de la Junta de Intercambio y Adquisición de Libros para Bibliotecas Públicas _t- Ejemp. numerado n. 1213 |
||
| 999 |
_c133024 _d133024 |
||